000 00304nam a22001337a 4500
008 180316b xxu||||| |||| 00| 0 eng d
020 _a9780072918496
041 _aeng
080 _a336.101.262
100 _a58
101 _aled
245 _aleadership communication
_cbarrett.d.j
942 _2udc
_cBK
999 _c45226
_d45226